| 000 | 00700 a2200205 4500 | ||
|---|---|---|---|
| 999 |
_c7569 _d7569 |
||
| 020 | _a0275922952 (alk. paper) : | ||
| 050 | 0 | 0 | _aDT305 M55 HAR 1987 |
| 245 | 0 | 4 |
_aThe Military in African politics / _cedited by John W. Harbeson. |
| 250 | _a1st ed. | ||
| 264 |
_aLondon: _bPRAEGER, _c1987 |
||
| 300 | _a197 p. ; | ||
| 500 | _a"Published in cooperation with the School of Advanced International Studies, Johns Hopkins University." | ||
| 500 | _aIncludes index. | ||
| 504 | _aBibliography: p. [187]-188. | ||
| 650 | 0 | _aMilitary government | |
| 651 | 0 | _aAfrica | |
| 700 | 1 |
_aHarbeson, John W. _q(John Willis), _d1938- |
|
| 710 | 2 | _aJohns Hopkins University. | |
| 942 |
_2lcc _cBK _e1st _h305.M55 _iHAR _kDT |
||